000
00289nam a22001217a 4500
020
_a
81-8209-144-6
082
_a
510
_b
RAS/A
100
_a
RASHEED, ABDUL A
245
_a
ALLIED MATHEMATICS
260
_a
CHENNAI
_b
VIJAY NICOLE IMPRINTS
_c
2006
650
_a
MATHS REFERENCE
_z
INDIA
942
_c
BK
999
_c
1267
_d
1267